| 000 | 01027nam a22003017a 4500 | ||
|---|---|---|---|
| 001 | 5303 | ||
| 003 | FISKH | ||
| 005 | 20241125123702.0 | ||
| 008 | 241125b cb ||||| |||| 00| 0 eng d | ||
| 020 | _a0590569252 | ||
| 040 |
_aFISKH _beng _cFISKH _dFISKH |
||
| 050 | _aPZ7.D8527 | ||
| 082 | _a813 | ||
| 100 | _aDubois, William Pene | ||
| 245 |
_aThe Twenty-One Balloons / _cby William Pene Dubois |
||
| 250 | _aFirst Scholastic printing, September 1995 | ||
| 260 |
_aNew York : _bScholastic ; _c1975 . |
||
| 300 |
_a179 pages : _billustrations ; _c21 cm . |
||
| 505 | _aZ | ||
| 520 | _aRelates the incredible adventures of Professor William Waterman Sherman who in 1883 sets off in a balloon across the Pacific, survives the volcanic eruption of Krakatoa, and is eventually picked up in the Atlantic. | ||
| 521 | 8 |
_a1070
_bLexile |
|
| 521 | 8 |
_aZ
_bRaz-Plus |
|
| 650 |
_avolcanoes _vFiction |
||
| 650 |
_afantasy _vFiction |
||
| 700 |
_aWeinman, Brad _eeditor |
||
| 942 |
_2ddc _cBK _n0 |
||
| 999 |
_c5303 _d5303 |
||